Ústredný vestník Slovenskej republiky

Na minha lista:
Detalhes bibliográficos
Formato: Periódico
Idioma:eslovaco
Publicado em: Bratislava Ministerstvo spravodlivosti Slovenskej republiky 1999
Assuntos:
Tags: Adicionar Tag
Sem tags, seja o primeiro a adicionar uma tag!

MARC

LEADER 00000nas2a2200000 4500
001 s125033
005 20231103122540.5
041 0 |a slo 
044 |a SK 
245 1 0 |a Ústredný vestník Slovenskej republiky 
264 1 |a Bratislava  |b Ministerstvo spravodlivosti Slovenskej republiky  |c 1999 
300 |a 1 zv. 
773 0 |w eu_un_cat*s125032 
610 2 0 |a správa verejná